• 首页
  • 本馆介绍
  • 公告通知
  • 最新文献
  • 馆藏检索
  • 电子资源
  • 读者导购
  • 参考咨询
  • 我的图书馆
  • 登录
  • 详细信息显示
  • 放入我的书架
  • 预约/预借图书
  • 作者相关作品
  • 分类相关作品
  • 丛书相关作品
  • 出版社相关作品

书目信息

  • 表格格式
  • 工作单格式
  • 卡片格式
书名: The red and the black
作者: Stendhal
分册号:
分册名:
出版地: New York :
 
出版社: Bantam Books
出版时间: 1958.
页数: 506 p. :
开本: 20020930
丛书名:
中图分类号:
科图分类号:
其他分类号: H319.4
主题词:
电子资源:
000 00689nam 2200217 a 4500
001 E0762166822
005 20070228171748.20
008 fre
008 uu
020    @cCNY0.80.
040    @aNLC
049    @aN5LA
090    @a2/I565.44/SREn////////*919786/-87/ 2cop.
090    @aH319.4
096    @aI565.44 @v2
099    @dH319.4@ex221
100 0  @aStendhal, @d1783-1842.
245 14 @aThe red and the black / @cStendhal
260    @aNew York :@bBantam Books,@c1958.
300    @a506 p. :@b00 ;@c20020930@lNLC09@h2244 :@b40 ;@c20021226@lNLC09@h1028 :@b40 ;@c20021226@lNLC09@h1028 :@b00 ;@c20021226@lNLC09@h1029@lNLC09@h2235@lNLC09@h1826
852 9  @bWWJC @cJ08S @k2 @hI565.44 @iSREn
    
    The red and the black / / Stendhal.-New York : : Bantam Books, , 1958.
    506 p. : : 00 ; ; 20020930 : 40 ; ; 20021226 : 40 ; ; 20021226 : 00 ; ; 20021226
    
    
    ISBN CNY0.80.
    
●
相关链接 在E读中查询图书 在五车中查询图书 在当当中查询图书 在豆瓣中查询图书


正题名:red and the black     索取号:H319.4/x221         预约/预借

序号 登录号 条形码 馆藏地/架位号 状态 备注
1 46217   001432480   第四借阅区/ [索取号:H319.4/x221] 在馆    
2 46218   001432444   第四借阅区/ [索取号:H319.4/x221] 在馆    
唐山师范学院图书馆 欢迎您!
大连网信软件有限公司© 版权所有